• 首页
  • 本馆介绍
  • 公告通知
  • 最新文献
  • 馆藏检索
  • 电子资源
  • 读者荐购
  • 参考咨询
  • CALIS
  • 我的图书馆
  • 登录
  • 详细信息显示
  • 放入我的书架
  • 预约/预借图书
  • 作者相关作品
  • 分类相关作品
  • 丛书相关作品
  • 出版社相关作品

书目信息

  • 表格格式
  • 工作单格式
  • 卡片格式
题名:
网页制作三剑客 培训教程
    
 
作者: 甘登岱 主编
分册:  
出版信息: 北京   机械工业出版社  2008.08
页数: 363页
开本: 24cm
丛书名:
单 册:
中图分类: TP393
科图分类:
主题词: 计算机应用
电子资源:
ISBN: 978-7-111-15934-6
 
 
 
 
 
000 00679nam0 2200229 45
001 0956460670
005 20091112112032.70
010    @a978-7-111-15934-6@dCNY33.00
100    @a20090515d2008 ekmy0 y0120 ea
102    @aCN@b130000
102    @aCN@b110000
105    @ay z 000yy
200 1  @a网页制作三剑客 培训教程@Awang ye zhi zuo san jian ke pei xun jiao cheng@f甘登岱主编@Fgan deng dai zhu bian
210    @a北京@c机械工业出版社@d2008.08
210    @a北京@c机械工业出版社
215    @a363页@d24cm
606 0  @a计算机应用
690    @aTP393@v4
701  0 @a甘登岱@Agan deng dai@4主编
801  0 @aCN@c20091112
905    @a10447@dTP393@eG0201
906    @d33@n3@r1
    
    网页制作三剑客 培训教程/甘登岱主编.-北京:机械工业出版社,2008.08.-北京:机械工业出版社
    363页;24cm
    
    
    ISBN 978-7-111-15934-6:CNY33.00
    
●
相关链接 在E读中查询图书 在当当中查询图书 在豆瓣中查询图书


正题名:网页制作三剑客 培训教程     索取号:TP393/G0201         预约/预借

序号 登录号 条形码 馆藏地/架位号 状态 备注
1 892017   208920177   自科库301/301自科库 114排2列6层/ [索取号:TP393/G0201] 在馆    
2 892018   208920186   自科库301/301自科库 114排2列6层/ [索取号:TP393/G0201] 在馆    
3 892019   208920195   自科二线404/404自科库 16排3列6层/ [索取号:TP393/G0201] 在馆    
河南城建学院图书馆 欢迎您!
大连网信软件有限公司© 版权所有